LIBRARY & INFORMATION CENTRE, KCAET, TAVANUR

ONLINE PUBLIC ACCESS CATALOGUE (OPAC)

How to Prepare for the GRE: Graduate Record Examination / (Record no. 8058)

MARC details
000 -LEADER
fixed length control field 00448cam a2200157ua 4500
020 ## - INTERNATIONAL STANDARD BOOK NUMBER
ISBN 8186011358
082 ## - DEWEY DECIMAL CLASSIFICATION NUMBER
Classification number 378.1662
Item number BRO/HOW
100 ## - MAIN ENTRY--AUTHOR NAME
Personal name Brownstein, Samuel C .
100 ## - MAIN ENTRY--AUTHOR NAME
Personal name Weiner, Mitchel .
100 ## - MAIN ENTRY--AUTHOR NAME
Personal name Green, Sharon weiner .
245 ## - TITLE STATEMENT
Title How to Prepare for the GRE: Graduate Record Examination /
250 ## - EDITION STATEMENT
Edition statement 11 /
260 ## - PUBLICATION, DISTRIBUTION, ETC. (IMPRINT)
Place of publication New Delhi :
Name of publisher Galgolia Book House ,
Year of publication 1997.
300 ## - PHYSICAL DESCRIPTION
Number of Pages 631 ; .
942 ## - ADDED ENTRY ELEMENTS (KOHA)
Koha item type Reference
Holdings
Withdrawn status Lost status Damaged status Collection code Home library Current library Shelving location Date acquired Full call number Accession Number Koha item type
      Reference KAUAET KAUAET Reference 07/04/2012 378.1662.BRO/HOW 19354 Reference
free website counter